000 00560nam a2200169Ia 4500
008 090201s9999 xx 000 0 und d
010 _aKPL-55018
040 _bमराठी
041 _aमराठी
082 _a39493
_b55018
100 _aवसंत नरहर फेणे
245 _aपहिला अघ्याय
_cवसंत नरहर फेणे
260 _c2004
_bमेहता पब्लिशिंग हाउस
300 _a199
_bमोठा
600 _aपहिला अघ्याय
942 _cBOOK
999 _c236819
_d236819